Among Us Rooms (with Tasks) - Statistics

General Stats
  • This quiz has been taken 86 times
  • The average score is 32 of 41
Answer Stats
Tasks Room % Correct
The Skeld Fix Wiring Admin
98%
Mira HQ Accept Diverted Power Admin
98%
Polus - Admin
98%
The Skeld Download Data Cafeteria
92%
Mira HQ Accept Diverted Power Cafeteria
92%
The Skeld Accept Diverted Power Communications
90%
Mira HQ Accept Diverted Power Communications
90%
Polus Reboot Wifi Communications
90%
The Skeld Accept Diverted Power Lower Engine
90%
The Skeld Accept Diverted Power O2
90%
Polus Download Data O2
90%
The Skeld Accept Diverted Power Upper Engine
90%
The Skeld Accept Diverted Power Weapons
90%
Polus Clear Asteroids Weapons
90%
The Skeld Inspect Sample Medbay
89%
Mira HQ Accept Diverted Power Medbay
89%
Polus Inspect Sample Medbay
89%
The Skeld Empty Garbage Storage
89%
Mira HQ Fix Wiring Storage
89%
Polus Fuel Engines Storage
89%
The Skeld Accept Diverted Power Reactor
87%
Mira HQ Divert Power Reactor
87%
The Skeld Calibrate Distributor Electrical
86%
Polus Download Data Electrical
86%
The Skeld Accept Diverted Power Shields
86%
The Skeld Accept Diverted Power Navigation
81%
The Skeld Accept Diverted Power Security
79%
Polus - Security
79%
Mira HQ Clear Asteroids Balcony
70%
Mira HQ Accept Diverted Power Office
67%
Polus Download Data Office
67%
Mira HQ Accept Diverted Power Greenhouse
65%
Mira HQ Accept Diverted Power Laboratory
65%
Polus Align Telescope Laboratory
65%
Polus Chart Course Dropship
51%
Mira HQ Accept Diverted Power Launchpad
51%
Mira HQ Fix Wiring Locker Room
51%
Polus Open Waterways Boiler Room
46%
Polus Download Data Specimen Room
44%
Mira HQ - Decontamination
41%
Polus Fix Wiring Decontamination
41%
No matching quizzes found
Score Distribution
Percent of People with Each Score
Percentile by Number Answered
Your Score History
You have not taken this quiz